000 00738nam a2200229Ia 4500
003 OSt
005 20220927105245.0
006 a|||||r|||| 00| 0
007 ta
008 220926b |||||||| |||| 00| 0 eng d
024 _a162711
037 _cReference Collections
040 _aRTL
_cRTL
_beng
041 _2eng
_aeng
082 _a"Y:5.216sN91, P0.2"
100 _a"Census of India, 1991"
_9371302
245 0 _aEconomic tables
_b" Vol. 3, Pt. IIIB- B series, Table B-15 (I) (F), B-15 (II) (F), B-16 (F), B-17 (F) "
260 _aAndhra
_bPradesh Govt. Press
_c1991
300 _a"VII, 641p"
_ccm.
942 _h"Y:5.216sN91, P0.2"
_cCC
999 _c691517
_d691517